Who's the author ? - Statistics

General Stats
  • This quiz has been taken 45 times
  • The average score is 9 of 13
Answer Stats
Hint Answer % Correct
Harry Potter J.K. Rowling
100%
The Lord of the Rings J.R.R. Tolkien
95%
Odyssey Homer
93%
The Hobbit J.R.R. Tolkien
93%
Animal Farm George Orwell
90%
Oliver Twist Charles Dickens
88%
The Chronicles of Narnia C.S. Lewis
80%
Les miserables Victor Hugo
78%
Don Quixote Cervantes
58%
Fahrenheit 451 Ray Bradbury
53%
The Dark Tower Stephen King
45%
The Hunger Games Suzanne Collins
38%
Warriors Erin Hunter
8%
No matching quizzes found
Score Distribution
Percent of People with Each Score
Percentile by Number Answered
Your Score History
You have not taken this quiz